[Event "Plzen op 5th"]
[Site "Plzen"]
[Date "2013.11.26"]
[Round "3"]
[White "Walinga, Eric Jan"]
[Black "Sernecki, Franciszek"]
[Result "1-0"]
[WhiteElo "1990"]
[BlackElo "1710"]
[PlyCount "127"]
[EventDate "2013.11.24"]
[EventType "swiss"]
[EventRounds "7"]
[EventCountry "CZE"]
[SourceTitle "CBM 157 Extra"]
[Source "ChessBase"]
[SourceDate "2013.12.19"]
[SourceVersion "1"]
[SourceVersionDate "2013.12.19"]
[SourceQuality "1"]

1. e4 d6 2. d4 Nf6 3. f3 c6 4. c4 Nbd7 5. Nc3 e5 6. d5 Be7 7. Be3 Qc7 8. Nh3 Nb6 9. Nf2 Bd7 10. Qb3 c5 11. g3 0-0 12. Bh3 Bxh3 13. Nxh3 Qd7 14. Nf2 Ne8 15. a4 f5 16. a5 Nc8 17. Qb5 Qxb5 18. Nxb5 f4 19. gxf4 exf4 20. Bd2 a6 21. Nc3 Bh4 22. Ke2 Bxf2 23. Kxf2 b6 24. Ne2 Ra7 25. axb6 Nxb6 26. b3 Nc8 27. Rhg1 Rb7 28. Nc1 Rb6 29. Rg4 Nf6 30. Rg1 Nd7 31. Ba5 Rb7 32. Bc3 Nb8 33. Ra3 g6 34. Nd3 Nd7 35. Rg4 Nf6 36. Rxf4 Nh5 37. Rxf8+ Kxf8 38. Ke3 Kf7 39. f4 Nf6 40. Bxf6 Kxf6 41. e5+ Ke7 42. exd6+ Kxd6 43. Rxa6+ Rb6 44. Rxb6+ Nxb6 45. Ne5 Nc8 46. Nc6 Nb6 47. Kd3 Nd7 48. b4 cxb4 49. Nxb4 g5 50. fxg5 Ne5+ 51. Ke4 Nxc4 52. h4 Nd2+ 53. Ke3 Nc4+ 54. Kd4 Ne5 55. Ke4 Ng6 56. h5 Ne7 57. h6 Ng6 58. Kf5 Kc5 59. Kf6 Kxb4 60. d6 Nf8 61. Kg7 Ne6+ 62. Kxh7 Nxg5+ 63. Kg6 Ne6 64. h7 1-0

[Event "Syre Memorial op 36th"]
[Site "Issy les Moulineaux"]
[Date "2013.05.08"]
[Round "1"]
[White "Kambrath, Yannick"]
[Black "Walinga, Eric Jan"]
[Result "1-0"]
[WhiteElo "2266"]
[BlackElo "1993"]
[PlyCount "87"]
[EventDate "2013.05.08"]
[EventType "swiss"]
[EventRounds "7"]
[EventCountry "FRA"]
[SourceTitle "EXT 2015"]
[Source "ChessBase"]
[SourceDate "2014.11.20"]
[SourceVersion "1"]
[SourceVersionDate "2014.11.20"]
[SourceQuality "1"]

1. d4 Nf6 2. c4 g6 3. Nc3 Bg7 4. e4 d6 5. Nf3 0-0 6. Be2 e5 7. 0-0 Na6 8. Re1 Qe8 9. Bf1 Bg4 10. d5 Nb4 11. Be2 a5 12. Be3 Qe7 13. h3 Bd7 14. Nd2 Ne8 15. a3 Na6 16. b4 f5 17. Nb3 axb4 18. axb4 Nf6 19. b5 Nc5 20. Nxc5 dxc5 21. b6 cxb6 22. Qb3 Qd6 23. Reb1 b5 24. Rxa8 Rxa8 25. Nxb5 Bxb5 26. Qxb5 Nxe4 27. Qxb7 Rd8 28. Rb6 Qf8 29. Qc7 Nc3 30. Bf1 Rc8 31. Qd7 f4 32. Bc1 Kh8 33. Rb7 Ra8 34. Qc7 Rc8 35. Qd7 Rd8 36. Qc6 e4 37. Qc7 g5 38. Bb2 Rc8 39. Qxg7+ Qxg7 40. Rxg7 Kxg7 41. Bxc3+ Kg6 42. Be2 h5 43. Bd1 Re8 44. Ba4 1-0

[Event "London Classic op 4th"]
[Site "London"]
[Date "2012.12.09"]
[Round "9"]
[White "Walinga, Eric Jan"]
[Black "Nettleton, Charlie"]
[Result "1-0"]
[WhiteElo "2004"]
[BlackElo "1845"]
[PlyCount "85"]
[EventDate "2012.12.01"]
[EventType "swiss"]
[EventRounds "9"]
[EventCountry "ENG"]
[SourceTitle "EXT 2014"]
[Source "ChessBase"]
[SourceDate "2013.11.20"]
[SourceVersion "1"]
[SourceVersionDate "2013.11.20"]
[SourceQuality "1"]

1. e4 e5 2. Nf3 Nc6 3. Bb5 Nf6 4. d3 Bc5 5. 0-0 d6 6. c3 0-0 7. Be3 Bxe3 8. fxe3 Ne7 9. Nbd2 c6 10. Bc4 Qb6 11. Qe1 Qxb2 12. Rc1 Qb6 13. Bb3 Ng6 14. d4 a5 15. Nh4 a4 16. Bc4 Qc7 17. Nf5 Be6 18. a3 Nxe4 19. Nxe4 Bxc4 20. Qg3 Bxf1 21. Rxf1 f6 22. h4 d5 23. Nc5 Rfe8 24. h5 Nf8 25. dxe5 Ne6 26. Nd3 Kh8 27. Nd6 Red8 28. h6 g6 29. Rxf6 Qe7 30. Nf7+ Kg8 31. Nxd8 Rxd8 32. Nf4 Nxf4 33. exf4 Qxa3 34. f5 Qc1+ 35. Kf2 Qd2+ 36. Kg1 g5 37. e6 Qc1+ 38. Kh2 Qf4 39. Rf7 Qxg3+ 40. Kxg3 Rb8 41. Rg7+ Kh8 42. f6 a3 43. e7 1-0

[Event "London Classic op 4th"]
[Site "London"]
[Date "2012.12.01"]
[Round "1"]
[White "Walinga, Eric Jan"]
[Black "Crouch, Colin S"]
[Result "0-1"]
[WhiteElo "2004"]
[BlackElo "2382"]
[PlyCount "64"]
[EventDate "2012.12.01"]
[EventType "swiss"]
[EventRounds "9"]
[EventCountry "ENG"]
[SourceTitle "CBM 151 Extra"]
[Source "ChessBase"]
[SourceDate "2012.12.18"]
[SourceVersion "1"]
[SourceVersionDate "2012.12.18"]
[SourceQuality "1"]

1. e4 e5 2. Nf3 Nc6 3. Bb5 Nf6 4. 0-0 Nxe4 5. d4 Nd6 6. Bxc6 dxc6 7. dxe5 Nf5 8. Qxd8+ Kxd8 9. Nc3 Bb4 10. Ne4 h6 11. b3 Be6 12. Bb2 Kc8 13. h3 Bd5 14. Ned2 Rd8 15. Rad1 a5 16. c4 Be6 17. Ne4 a4 18. g4 Ne7 19. a3 Ba5 20. Rxd8+ Kxd8 21. b4 Bb6 22. c5 Ba7 23. Nd4 b6 24. Rd1 Ke8 25. Nd6+ cxd6 26. exd6 Nd5 27. Nxc6 bxc5 28. Bxg7 cxb4 29. axb4 a3 30. Ne5 a2 31. d7+ Ke7 32. Ra1 Nxb4 0-1

[Event "Syre Memorial op 31st"]
[Site "Issy les Moulineaux"]
[Date "2008.05.02"]
[Round "2"]
[White "Walinga, Eric Jan"]
[Black "Song, Julien"]
[Result "0-1"]
[WhiteElo "1988"]
[BlackElo "2214"]
[PlyCount "92"]
[EventDate "2008.05.01"]
[EventType "swiss"]
[EventRounds "6"]
[EventCountry "FRA"]
[SourceTitle "EXT 2010"]
[Source "ChessBase"]
[SourceDate "2010.11.25"]
[SourceVersion "1"]
[SourceVersionDate "2010.11.25"]
[SourceQuality "1"]

1. e4 e6 2. d4 d5 3. Nc3 Nf6 4. Bg5 dxe4 5. Nxe4 Be7 6. Bxf6 Bxf6 7. Nf3 Nd7 8. Bd3 c5 9. Qd2 cxd4 10. Nd6+ Kf8 11. Ne4 b6 12. Nxf6 Nxf6 13. Qb4+ Qe7 14. Qxd4 Bb7 15. 0-0-0 Qc5 16. Qh4 Rd8 17. Rhe1 Bxf3 18. gxf3 Rd4 19. Be4 Ke7 20. Rxd4 Qxd4 21. Rd1 Qc5 22. f4 Qh5 23. Qxh5 Nxh5 24. f5 e5 25. Rd5 f6 26. Rd3 Rd8 27. Rxd8 Kxd8 28. Kd2 Kd7 29. b4 Nf4 30. c4 Kd6 31. Ke3 a5 32. a3 axb4 33. axb4 g6 34. fxg6 hxg6 35. Bc2 f5 36. Ba4 Ne6 37. Bc2 Nd4 38. Bd1 g5 39. Ba4 Ke6 40. f3 Kd6 41. Be8 Nc2+ 42. Kf2 Nxb4 43. Kg3 Nc2 44. h4 gxh4+ 45. Kxh4 Kc5 46. Kg5 e4 0-1